[Event "Campalto CIS 54th Serie C12"]
[Site "Campalto"]
[Date "2023.05.20"]
[Round "3.2"]
[White "Gibellato, Francesco"]
[Black "Volpi, Matteo"]
[Result "1/2-1/2"]
[WhiteElo "1822"]
[BlackElo "1597"]
[PlyCount "29"]
[EventDate "2023.05.19"]
[EventType "team-tourn"]
[EventRounds "5"]
[EventCountry "ITA"]
[SourceTitle "EXT 2024"]
[Source "ChessBase"]
[SourceDate "2023.10.10"]
[SourceVersion "1"]
[SourceVersionDate "2023.10.10"]
[SourceQuality "1"]
[WhiteTeam "Campalto Zichichi"]
[BlackTeam "Valpolicella Monday"]
[WhiteTeamCountry "ITA"]
[BlackTeamCountry "ITA"]

1. e4 e6 2. d4 d5 3. e5 c5 4. c3 Nc6 5. Nf3 Qb6 6. Qb3 Qxb3 7. axb3 cxd4 8. cxd4 Bb4+ 9. Bd2 Bxd2+ 10. Kxd2 Nge7 11. Bd3 Bd7 12. Nc3 0-0 13. Ra3 a6 14. Rha1 Rac8 15. Rc1 1/2-1/2

[Event "FICGS class E 000108 email"]
[Site "FICGS email"]
[Date "2009.06.20"]
[Round "1"]
[White "Stoyanov, Zdravko"]
[Black "Volpi, Matteo"]
[Result "1-0"]
[WhiteElo "1275"]
[BlackElo "1389"]
[PlyCount "55"]
[EventDate "2009.??.??"]
[EventType "tourn (corr)"]
[EventRounds "5"]
[SourceTitle "Corr 2022"]
[Source "ChessBase"]
[SourceDate "2021.10.24"]
[SourceVersion "1"]
[SourceVersionDate "2021.10.24"]
[SourceQuality "1"]

1. e4 e5 2. Nf3 Nc6 3. Bb5 d6 4. Bxc6+ bxc6 5. h3 Nf6 6. d3 Be7 7. Nc3 0-0 8. 0-0 d5 9. Nxe5 d4 10. Nxc6 Qd6 11. Nxe7+ Qxe7 12. Nb5 Qc5 13. a4 c6 14. Na3 Be6 15. Bd2 a5 16. Re1 Nh5 17. e5 g6 18. Bh6 Rfe8 19. Qc1 Rad8 20. Re4 Bf5 21. Re2 Rd5 22. g4 Rexe5 23. Rxe5 Rxe5 24. gxh5 Bxh3 25. hxg6 hxg6 26. Nc4 Qd5 27. f3 Qxf3 28. Qd2 1-0

[Event "FICGS class E 000105 email"]
[Site "FICGS email"]
[Date "2009.05.01"]
[Round "1"]
[White "Volpi, Matteo"]
[Black "Leurette, Marc Antoine"]
[Result "1-0"]
[WhiteElo "1400"]
[BlackElo "1330"]
[PlyCount "47"]
[EventDate "2009.??.??"]
[EventType "tourn (corr)"]
[EventRounds "5"]
[SourceTitle "Corr 2022"]
[Source "ChessBase"]
[SourceDate "2021.10.24"]
[SourceVersion "1"]
[SourceVersionDate "2021.10.24"]
[SourceQuality "1"]

1. e4 e5 2. Nf3 Nc6 3. Nc3 Nf6 4. d3 Bc5 5. Bg5 d6 6. Be2 h6 7. Bxf6 gxf6 8. 0-0 Bg4 9. Nd2 Bxe2 10. Qxe2 Qd7 11. Nd5 Nb4 12. Nxf6+ Ke7 13. Nxd7 Kxd7 14. c3 Nc6 15. Qg4+ Ke7 16. b4 Bb6 17. Nc4 Rag8 18. Qh4+ f6 19. a4 a6 20. b5 axb5 21. axb5 Na7 22. Nxb6 Nxb5 23. Nd5+ Kd7 24. Nxf6+ 1-0

[Event "FICGS class F 000076 email"]
[Site "FICGS email"]
[Date "2009.04.20"]
[Round "1"]
[White "Neil, Charles"]
[Black "Volpi, Matteo"]
[Result "0-1"]
[WhiteElo "1160"]
[BlackElo "1400"]
[PlyCount "78"]
[EventDate "2009.??.??"]
[EventType "tourn (corr)"]
[EventRounds "5"]
[SourceTitle "Corr 2022"]
[Source "ChessBase"]
[SourceDate "2021.10.24"]
[SourceVersion "1"]
[SourceVersionDate "2021.10.24"]
[SourceQuality "1"]

1. Nf3 Nc6 2. d4 d5 3. c4 e6 4. e3 Bb4+ 5. Nbd2 Nf6 6. Bd3 0-0 7. 0-0 Bd7 8. a3 Bxd2 9. Bxd2 Qe7 10. Qc2 a5 11. cxd5 exd5 12. Rfe1 Qd6 13. b4 a4 14. b5 Ne7 15. Bb4 Qe6 16. Ng5 Qg4 17. Nf3 Rfe8 18. Ne5 Qe6 19. f3 g6 20. Rac1 Rec8 21. Bd2 c6 22. bxc6 Nxc6 23. Nxc6 Rxc6 24. Qb2 Rb8 25. Rxc6 Bxc6 26. Bb4 Nh5 27. Rb1 Qxe3+ 28. Kh1 Qxd3 29. Re1 Nf6 30. Qf2 Re8 31. Rxe8+ Bxe8 32. h3 h5 33. Qg3 Qxd4 34. f4 Ne4 35. Qh4 Nf2+ 36. Kh2 Nd3 37. Qd8 Qxf4+ 38. Kg1 Qe5 39. Qxd5 Qxd5 0-1

[Event "FICGS class E 000104 email"]
[Site "FICGS email"]
[Date "2009.04.14"]
[Round "1"]
[White "Stoyanov, Zdravko"]
[Black "Volpi, Matteo"]
[Result "1-0"]
[WhiteElo "1256"]
[BlackElo "1400"]
[PlyCount "57"]
[EventDate "2009.??.??"]
[EventType "tourn (corr)"]
[EventRounds "5"]
[SourceTitle "Corr 2022"]
[Source "ChessBase"]
[SourceDate "2021.10.24"]
[SourceVersion "1"]
[SourceVersionDate "2021.10.24"]
[SourceQuality "1"]

1. e4 e5 2. Nf3 Nc6 3. Bb5 Nge7 4. d3 f6 5. a3 Nd4 6. Nxd4 exd4 7. Nd2 c6 8. Ba4 Qa5 9. Bb3 Ng6 10. 0-0 Nf4 11. Nc4 Qg5 12. Qf3 d5 13. Bxf4 Bg4 14. Qg3 Qg6 15. Nd6+ Bxd6 16. Bxd6 f5 17. Qe5+ Kf7 18. exd5 Rhe8 19. dxc6+ Re6 20. cxb7 Rae8 21. b8Q Rxb8 22. Bxb8 f4 23. Rfe1 f3 24. g3 Ke7 25. Qc5+ Kf7 26. Qxa7+ Kf8 27. Bxe6 Bxe6 28. Bd6+ Kg8 29. Qb8+ 1-0